000 00553nam a2200145Ia 4500
008 100204s9999 xx 000 0 und d
082 _b15460
100 _aइनामदार ना.स.
245 _aत्या स्वप्नांच्या आठवणी
260 _b"सन पब्लिकेशन्स , पुणे"
_c1992
300 _a309
630 _aत्या स्वप्नांच्या आठवणी
730 _aत्या स्वप्नांच्या आठवणी
942 _cBOOK
999 _c459891
_d459888